Statistiques concernant Les champions de MLS (championnat américain de football européen)

Cliquez ici pour prendre le quiz!

Statistiques générales

  • Ce quiz a été pris 125 fois
  • Le résultat moyen est 11 sur 21

Statistiques - réponses

AnnéeClub% Correct
2004Los Angeles Galaxy
93%
2014Los Angeles Galaxy
93%
2012Los Angeles Galaxy
93%
2002Los Angeles Galaxy
93%
2011Los Angeles Galaxy
93%
2016Seattle Sounders FC
63%
2017Toronto FC
62%
1998Chicago Fire
53%
1996D.C. United
50%
1999D.C. United
50%
2005Houston Dynamo
48%
2006Houston Dynamo
48%
2015Portland Timbers
39%
1997D.C. United
30%
2003San José Earthquakes
27%
2001San José Earthquakes
27%
2008Real Salt Lake
26%
2007Columbus Crew
25%
2013Sporting Kansas City
22%
2000Kansas City Wizards
21%
2010Colorado Rapids
17%

Distribution des résultats

Percentile par nombre de réponses

% des personnes avec chaque résultat

Votre développement - résultats

Vous n’avez pas pris ce quiz